000 01237nam a22002777a 4500
001 22140
005 20260331151905.0
008 260327b |||||||| |||| 00| 0 spa d
020 _a9788419284280
041 _aESP
082 _a612
_bR746
100 _aRhoades, Rodney A.
_eEDT
245 _aFisiología médica :
_bfundamentos de medicina clínica
250 _aSexta edición
260 _aPhiladelphia :
_bWolters Kluwer,
_c2004
300 _axvii, 936 páginas :
_bilustraciones, figuras, tablas ;
_c28 cm.
440 _a ;
650 _aTCA
653 _aMedicina; Fisiología humana
654 _aCCS
700 _aBell, David R.,
_eEDT
856 _uhttps://0u216usew-y-https-accessmedicina-mhmedical-com.itmsp.museknowledge.com/Book.aspx?bookid=1501
_zVéase además: Fisiología médica. Un enfoque por aparatos y sistemas, por Hershel Raff y Michael Levitzky, Versión digital
856 _uhttps://itmsp.museknowledge.com/UCSP?groupID=2&action=source&sourceID=AccessMedicina_IP
_zVéase además: Base de datos McGraw Hill Access Medicina
856 _uhttps://0u23futx8-y-https-www-clinicalkey-com.itmsp.museknowledge.com/student/login
_zVéase además: Base de datos ClinicalKey
942 _cLIB
_dJUS
_fTRC
_n0
_2ddc
999 _c22140
_d22140